Nuclear future still unclear (Record no. 77493)
[ view plain ]
| 000 -LEADER | |
|---|---|
| fixed length control field | 01110cab a2200205 4500 |
| 001 - CONTROL NUMBER | |
| control field | ##L134377 |
| 008 - FIXED-LENGTH DATA ELEMENTS--GENERAL INFORMATION | |
| fixed length control field | 060801n2006 000 0 eng u |
| 035 ## - SYSTEM CONTROL NUMBER | |
| System control number | (Sirsi) u134377 |
| 041 0# - LANGUAGE CODE | |
| Language code of text/sound track or separate title | eng |
| 100 1# - MAIN ENTRY--PERSONAL NAME | |
| Personal name | Mann, Will |
| 245 00 - TITLE STATEMENT | |
| Title | Nuclear future still unclear |
| 260 ## - PUBLICATION, DISTRIBUTION, ETC. | |
| Date of publication, distribution, etc. | 2006 |
| 490 #0 - SERIES STATEMENT | |
| Series statement | Contract Journal |
| Volume/sequential designation | 434(6584) 19 July 2006, 6-7(2) |
| 520 ## - SUMMARY, ETC. | |
| Summary, etc. | Reports that there has a been a muted reaction from the construction industry to the UK Energy Review, principally because of a lack of firm commitment by government to the construction of a new generation of power stations. Concern has also been expressed about the government's intention that the private sector should fund the planning, building and maintenance of any future nuclear plants. Although planning laws may be amended to speed the building of new plants, it is still anticipated that there will be a minimum period of seven to10 years between planning and start of operation. |
| 590 ## - LOCAL NOTE (RLIN) | |
| Local note | IKA010806 |
| 651 #4 - SUBJECT ADDED ENTRY--GEOGRAPHIC NAME | |
| Geographic name | United Kingdom |
| Chronological subdivision | |
| 690 ## - LOCAL SUBJECT ADDED ENTRY--TOPICAL TERM (OCLC, RLIN) | |
| Topical term or geographic name as entry element | ENVIRONMENTAL AND LAND CONSULTANCY-ENERGY |
| 700 1# - ADDED ENTRY--PERSONAL NAME | |
| Personal name | Harris, Ben |
| 942 ## - ADDED ENTRY ELEMENTS (KOHA) | |
| Suppress in OPAC | 0 |
| Withdrawn status | Lost status | Source of classification or shelving scheme | Damaged status | Not for loan | Home library | Current library | Shelving location | Date acquired | Total Checkouts | Full call number | Barcode | Date last seen | Copy number | Price effective from | Koha item type |
|---|---|---|---|---|---|---|---|---|---|---|---|---|---|---|---|
| Dewey Decimal Classification | London | London | Journal article | 01/08/2006 | L134377 | 134377-1001 | 06/08/2019 | 1 | 06/08/2019 | Journal article |